000 00618nam a22002177a 4500
003 OSt
005 20240902144318.0
008 240902b |||||||| |||| 00| 0 eng d
020 _a0750618612
040 _cMUST
050 _a647.94LAW1995
100 _aLAWSON FRED
_919090
245 _aHotels and Resorts:Planting Design and Refurbiahment
260 _aNew Delhi
_bElsevier
_cc1995
300 _avii,348p. :
_bill.
_c28cm
440 _aHotels and Resorts:Planting Design and Refurbiahment
_919091
500 _aindex, bibliography
600 _2Hotels planning
600 _2Resorts design
942 _2ddc
_cBOOK
999 _c9346
_d9346